Occupier insight (Record no. 84069)

MARC details
000 -LEADER
fixed length control field 01408cad a22002055a 4500
001 - CONTROL NUMBER
control field L156543
008 - FIXED-LENGTH DATA ELEMENTS--GENERAL INFORMATION
fixed length control field 120606s2012 xxk 000 0 eng d
035 ## - SYSTEM CONTROL NUMBER
System control number (Sirsi) u156543
041 0# - LANGUAGE CODE
Language code of text/sound track or separate title eng
110 2# - MAIN ENTRY--CORPORATE NAME
Corporate name or jurisdiction name as entry element Cushman & Wakefield
9 (RLIN) 5888
245 00 - TITLE STATEMENT
Title Occupier insight
Remainder of title keys to aligning real estate to the business May 2012
Medium [electronic resource]
260 ## - PUBLICATION, DISTRIBUTION, ETC.
Place of publication, distribution, etc. New York
Name of publisher, distributor, etc. C & W
Date of publication, distribution, etc. 2012
520 ## - SUMMARY, ETC.
Summary, etc. The corporate real estate (CRE) industry has evolved rapidly driven by continuous improvements in technology and communication as well as changing global trends in workforce dynamics. Outlines a five-step programme for 21st century CRE: tackling new responsibilities centred around five highly critical real estate issues; and defining five steps to aligning real estate to the business. CRE will continue to change dramatically in the coming years. Competitive global businesses will increasingly look to CRE for assistance in strategic initiatives around talent management, cost containment, workplace design, and corporate branding and culture.
590 ## - LOCAL NOTE (RLIN)
Local note KA
651 #4 - SUBJECT ADDED ENTRY--GEOGRAPHIC NAME
Geographic name International
690 ## - LOCAL SUBJECT ADDED ENTRY--TOPICAL TERM (OCLC, RLIN)
Topical term or geographic name as entry element Business and management
690 ## - LOCAL SUBJECT ADDED ENTRY--TOPICAL TERM (OCLC, RLIN)
Topical term or geographic name as entry element Commercial property
9 (RLIN) 6227
856 40 - ELECTRONIC LOCATION AND ACCESS
Uniform Resource Identifier <a href="https://www.cushmanwakefield.com/en/research-and-insight/2012/aligning-corporate-real-estate-with-the-business/">https://www.cushmanwakefield.com/en/research-and-insight/2012/aligning-corporate-real-estate-with-the-business/</a>
Public note View the report after free registration with the Knowledge Center at www.cushmanwakefield.com
942 ## - ADDED ENTRY ELEMENTS (KOHA)
Suppress in OPAC 0
Holdings
Withdrawn status Lost status Source of classification or shelving scheme Damaged status Not for loan Home library Current library Shelving location Date acquired Total Checkouts Full call number Barcode Date last seen Copy number Price effective from Koha item type
    Dewey Decimal Classification     Virtual Virtual Online 05/06/2012   ONLINE PUBLICATION 156543-2001 06/08/2019 1 06/08/2019 Book